[Event "San Vicente Terminal-B"]
[Site "Concepcion"]
[Date "2021.11.14"]
[Round "4"]
[White "Munoz Apolonio, Carlos David"]
[Black "Ruiz Zenteno, Leonardo Marcial"]
[Result "1/2-1/2"]
[WhiteElo "1714"]
[BlackElo "1885"]
[PlyCount "96"]
[EventDate "2021.11.13"]
[EventType "tourn"]
[EventRounds "5"]
[EventCountry "CHI"]
[SourceTitle "EXT 2023"]
[Source "ChessBase"]
[SourceDate "2022.10.05"]
[SourceVersion "1"]
[SourceVersionDate "2022.10.05"]
[SourceQuality "1"]

1. d4 Nf6 2. c4 e6 3. Bg5 Bb4+ 4. Nc3 h6 5. Bh4 b6 6. Qc2 Bb7 7. f3 c5 8. a3 Bxc3+ 9. Qxc3 cxd4 10. Qxd4 Nc6 11. Qd6 Rc8 12. e4 Qe7 13. Qxe7+ Kxe7 14. Nh3 d6 15. b3 Rhd8 16. Be2 Nd4 17. Bd1 e5 18. 0-0 Ne6 19. a4 g5 20. Be1 Ba6 21. Bb4 Nd7 22. Re1 f6 23. Nf2 h5 24. h3 Rc7 25. Nh1 Ndc5 26. Re3 Nd4 27. Ng3 h4 28. Ne2 Nxe2+ 29. Bxe2 Rb8 30. Rd1 Rd7 31. Kf2 Bb7 32. Rc3 a5 33. Ba3 Ra8 34. Ke3 Bc6 35. Rg1 Rh8 36. Bd3 Ke6 37. Bc2 Ra8 38. Kf2 Rh7 39. Re3 Rd7 40. Re2 Rad8 41. Rd2 Ra8 42. Rgd1 Rad8 43. Rg1 Rh8 44. Bb2 Rhd8 45. Bc3 Ra8 46. Ke2 Rad8 47. Ke1 Ra8 48. Rf2 Rh7 1/2-1/2

[Event "Concepcion Henriquez Memorial"]
[Site "Concepcion"]
[Date "2021.10.02"]
[Round "9"]
[White "Salgado Moscozo, Heraldo"]
[Black "Ruiz Zenteno, Leonardo Marcial"]
[Result "0-1"]
[WhiteElo "2006"]
[BlackElo "1939"]
[PlyCount "66"]
[EventDate "2021.09.08"]
[EventType "tourn"]
[EventRounds "9"]
[EventCountry "CHI"]
[SourceTitle "EXT 2023"]
[Source "ChessBase"]
[SourceDate "2022.10.05"]
[SourceVersion "1"]
[SourceVersionDate "2022.10.05"]
[SourceQuality "1"]

1. d4 d5 2. c4 c6 3. Nc3 e6 4. Nf3 dxc4 5. a4 Bb4 6. Bd2 b5 7. axb5 Bxc3 8. Bxc3 cxb5 9. e3 a5 10. b3 Bb7 11. bxc4 b4 12. Bb2 Nf6 13. Bd3 0-0 14. Qe2 Ne4 15. Qc2 f5 16. 0-0 Nd7 17. Nd2 Nxd2 18. Qxd2 Qe7 19. Bc2 Nb6 20. Bd3 Bc6 21. Qe2 Rfb8 22. d5 exd5 23. c5 Nd7 24. Bxf5 Nf6 25. Bd4 a4 26. Qf3 a3 27. Qh3 b3 28. Bxf6 Qxf6 29. Bxh7+ Kf8 30. Qg3 Rb7 31. Qd6+ Qxd6 32. cxd6 a2 33. Bb1 Rd7 0-1

[Event "Concepcion Henriquez Memorial"]
[Site "Concepcion"]
[Date "2021.09.08"]
[Round "1"]
[White "Ruiz Zenteno, Leonardo Marcial"]
[Black "Munoz Apolonio, Carlos David"]
[Result "0-1"]
[WhiteElo "1939"]
[BlackElo "1647"]
[PlyCount "116"]
[EventDate "2021.09.08"]
[EventType "tourn"]
[EventRounds "9"]
[EventCountry "CHI"]
[SourceTitle "EXT 2023"]
[Source "ChessBase"]
[SourceDate "2022.10.05"]
[SourceVersion "1"]
[SourceVersionDate "2022.10.05"]
[SourceQuality "1"]

1. Nf3 Nf6 2. d4 g6 3. g3 Bg7 4. Bg2 0-0 5. 0-0 b6 6. c4 Bb7 7. Nc3 d6 8. Qc2 Nbd7 9. Rd1 c5 10. d5 Ba6 11. b3 Ne4 12. Qxe4 Bxc3 13. Rb1 b5 14. cxb5 Bxb5 15. Bh6 Bg7 16. Bxg7 Kxg7 17. a4 Nf6 18. Qc2 Bd7 19. Nd2 Rb8 20. Nc4 a5 21. h3 Rb4 22. e4 Kg8 23. g4 Qc7 24. Re1 Rfb8 25. e5 dxe5 26. Nxe5 Bxa4 27. Nc6 Bxc6 28. Qxc5 Qd6 29. Qxc6 a4 30. Qc3 axb3 31. Rb2 R8b7 32. g5 Nd7 33. Qc8+ Kg7 34. Qc3+ f6 35. gxf6+ exf6 36. Re6 Qc5 37. Qg3 Qc1+ 38. Kh2 Qxb2 39. Re7+ Kg8 40. Qd6 Nf8 41. Re8 Rf7 42. Qxb4 Qc2 43. d6 Kg7 44. Rb8 Qxf2 45. Qxb3 Qf4+ 46. Kg1 Qxd6 47. Rb6 Qd4+ 48. Kh1 Nd7 49. Rb4 Qc5 50. Rc4 Qe5 51. Rc8 Qe1+ 52. Kh2 Ne5 53. Bd5 Qf2+ 54. Bg2 Rd7 55. Qg8+ Kh6 56. Qf8+ Kg5 57. Qa3 Rd3 58. Qc1+ Rd2 0-1

[Event "Concepcion Regional-ch"]
[Site "Concepcion"]
[Date "2015.05.??"]
[Round "3"]
[White "Miranda Gatica, Claudio Adolfo"]
[Black "Ruiz Zenteno, Leonardo Marcial"]
[Result "0-1"]
[WhiteElo "1694"]
[BlackElo "1997"]
[PlyCount "100"]
[EventDate "2015.05.01"]
[EventType "swiss"]
[EventRounds "7"]
[EventCountry "CHI"]
[SourceTitle "EXT 2016"]
[Source "ChessBase"]
[SourceDate "2015.10.08"]
[SourceVersion "1"]
[SourceVersionDate "2015.10.08"]
[SourceQuality "1"]

1. d4 Nf6 2. c4 e6 3. g3 c5 4. Bg2 a6 5. Nc3 cxd4 6. Qxd4 Be7 7. a3 0-0 8. Nf3 Nc6 9. Qd1 d5 10. cxd5 exd5 11. e3 Re8 12. 0-0 Bc5 13. b4 Ba7 14. Nd4 Bg4 15. Qd3 Ne5 16. Qb1 Rc8 17. Nce2 Qd7 18. f3 Bh5 19. Nf4 Bg6 20. Bh3 Qxh3 21. Nxh3 Bxb1 22. Rxb1 Nc4 23. Kf2 b5 24. Rd1 h6 25. Rb3 g5 26. Ng1 g4 27. Nge2 gxf3 28. Kxf3 Ne5+ 29. Kg2 Nc4 30. h3 Nd6 31. Rf1 Bxd4 32. Nxd4 Nfe4 33. Rd3 Re5 34. h4 Nc4 35. Nf3 Rf5 36. g4 Ne5 37. Rxd5 Rc2+ 38. Bd2 Rxf3 39. Rxf3 Nxf3 40. Kxf3 Nxd2+ 41. Kf4 Rc4+ 42. Kf5 Nf1 43. Rd6 Nxe3+ 44. Ke5 Nxg4+ 45. Kf5 Ne3+ 46. Ke5 Rxh4 47. Rxa6 Nc4+ 48. Kf5 Rh3 49. Ra8+ Kg7 50. a4 bxa4 0-1

[Event "Concepcion Regional-ch"]
[Site "Concepcion"]
[Date "2015.05.??"]
[Round "1"]
[White "Riffo Paz, Elizardo"]
[Black "Ruiz Zenteno, Leonardo Marcial"]
[Result "1-0"]
[WhiteElo "2206"]
[BlackElo "1997"]
[PlyCount "77"]
[EventDate "2015.05.01"]
[EventType "swiss"]
[EventRounds "7"]
[EventCountry "CHI"]
[SourceTitle "EXT 2016"]
[Source "ChessBase"]
[SourceDate "2015.10.08"]
[SourceVersion "1"]
[SourceVersionDate "2015.10.08"]
[SourceQuality "1"]

1. d4 Nf6 2. c4 e6 3. Nf3 b6 4. g3 Ba6 5. Qa4 Be7 6. Bg2 Bb7 7. 0-0 0-0 8. Nc3 Ne4 9. Nxe4 Bxe4 10. d5 exd5 11. cxd5 Bxd5 12. Rd1 Bc6 13. Qg4 d6 14. e4 Qe8 15. e5 dxe5 16. Nxe5 Bxg2 17. Kxg2 Bf6 18. Qf3 c6 19. Ng4 Be5 20. Re1 f6 21. Bf4 Qf7 22. Bxe5 fxe5 23. Qxf7+ Rxf7 24. Nxe5 Rc7 25. Rad1 Na6 26. Rd6 Re8 27. f4 c5 28. Red1 Nb4 29. Rd8 Kf8 30. R8d7 Rec8 31. a3 Nc2 32. Rd8+ Rxd8 33. Rxd8+ Ke7 34. Rg8 Kf6 35. Kf3 Nd4+ 36. Ke4 Nc6 37. Rf8+ Ke7 38. Rf7+ Kd6 39. Nc4+ 1-0

[Event "CHI-ch sf"]
[Site "Coronel"]
[Date "2015.01.10"]
[Round "1"]
[White "Ruiz Zenteno, Leonardo Marcial"]
[Black "Vergara, Jose1"]
[Result "1-0"]
[WhiteElo "1958"]
[BlackElo "1520"]
[PlyCount "67"]
[EventDate "2015.01.10"]
[EventType "swiss"]
[EventRounds "7"]
[EventCountry "CHI"]
[SourceTitle "CBM 164 Extra"]
[Source "ChessBase"]
[SourceDate "2015.03.02"]
[SourceVersion "1"]
[SourceVersionDate "2015.03.02"]
[SourceQuality "1"]

1. d4 Nf6 2. Nf3 e6 3. c4 d5 4. Nc3 Bb4 5. e3 c6 6. a3 Bxc3+ 7. bxc3 Ne4 8. Qc2 Qa5 9. Bd2 Nxd2 10. Nxd2 f5 11. Bd3 0-0 12. 0-0 Nd7 13. f3 Nf6 14. e4 dxe4 15. fxe4 Rd8 16. exf5 exf5 17. Bxf5 Bxf5 18. Rxf5 Qc7 19. h3 Re8 20. Nf3 Qg3 21. Ne5 Qe3+ 22. Kh2 Ne4 23. Rf3 Qh6 24. Qxe4 Qe6 25. c5 g6 26. Raf1 Re7 27. Qh4 Rg7 28. Ng4 Qe7 29. Nh6+ Kh8 30. Qg3 Rc8 31. Rf7 Rxf7 32. Rxf7 Qe4 33. Qd6 Qh4 34. Qe5+ 1-0

[Event "Concepcion Lesly Memorial"]
[Site "Concepcion"]
[Date "2014.03.08"]
[Round "5"]
[White "Tejos Godoy, Rodrigo Andres"]
[Black "Ruiz Zenteno, Leonardo Marcial"]
[Result "0-1"]
[WhiteElo "1849"]
[BlackElo "1991"]
[PlyCount "58"]
[EventDate "2014.03.01"]
[EventType "tourn"]
[EventRounds "9"]
[EventCountry "CHI"]
[SourceTitle "EXT 2016"]
[Source "ChessBase"]
[SourceDate "2015.10.08"]
[SourceVersion "1"]
[SourceVersionDate "2015.10.08"]
[SourceQuality "1"]

1. f4 d5 2. e3 g6 3. Nf3 Bg7 4. Be2 Nf6 5. 0-0 0-0 6. b3 Ne4 7. c3 c5 8. Bb2 Nc6 9. d3 Nd6 10. Qe1 b6 11. Nbd2 Bb7 12. d4 cxd4 13. exd4 Rc8 14. Bd3 Re8 15. Ba3 e6 16. Qf2 Ne7 17. Rac1 Ne4 18. Bxe4 dxe4 19. Ng5 Rxc3 20. Bxe7 Qxd4 21. Rxc3 Qxf2+ 22. Kxf2 Bxc3 23. Ngxe4 Bd4+ 24. Kg3 Rxe7 25. Rd1 e5 26. fxe5 Bxe5+ 27. Kf2 Bd4+ 28. Kg3 Bxe4 29. Re1 f5 0-1

[Event "Coronel-A 1st"]
[Site "Coronel"]
[Date "2012.12.23"]
[Round "8.2"]
[White "Caceres Leal, Jaime"]
[Black "Ruiz Zenteno, Leonardo Marcial"]
[Result "1-0"]
[WhiteElo "2126"]
[BlackElo "2062"]
[PlyCount "48"]
[EventDate "2012.12.15"]
[EventType "tourn"]
[EventRounds "9"]
[EventCountry "CHI"]
[SourceTitle "EXT 2024"]
[Source "ChessBase"]
[SourceDate "2023.10.10"]
[SourceVersion "1"]
[SourceVersionDate "2023.10.10"]
[SourceQuality "1"]

1. e4 c5 2. c3 Nf6 3. e5 Nd5 4. d4 cxd4 5. Nf3 Nc6 6. Bc4 Nb6 7. Bb3 d5 8. exd6 Qxd6 9. 0-0 Be6 10. Na3 dxc3 11. Qe2 Bxb3 12. Nb5 Qb8 13. axb3 e6 14. g3 Bd6 15. Rd1 Bc7 16. Nxc7+ Qxc7 17. Bf4 Qe7 18. Bd6 Qf6 19. bxc3 0-0-0 20. Ne5 Rxd6 21. Rxd6 Nxe5 22. Rxb6 Rd8 23. Rb5 Rd2 24. Rc5+ Kb8 1-0

[Event "Concepcion Huachipato 1st"]
[Site "Talcahuano"]
[Date "2012.01.21"]
[Round "8"]
[White "Palma Neira, Eliseo Maximiliano"]
[Black "Ruiz Zenteno, Leonardo Marcial"]
[Result "1/2-1/2"]
[WhiteElo "1947"]
[BlackElo "2093"]
[PlyCount "94"]
[EventDate "2012.01.13"]
[EventType "tourn"]
[EventRounds "9"]
[EventCountry "CHI"]
[SourceTitle "EXT 2013"]
[Source "ChessBase"]
[SourceDate "2012.11.22"]
[SourceVersion "1"]
[SourceVersionDate "2012.11.22"]
[SourceQuality "1"]

1. e4 c5 2. Nc3 Nc6 3. g3 g6 4. Bg2 Bg7 5. d3 d6 6. Nge2 e6 7. 0-0 Nge7 8. Be3 Nd4 9. Rb1 Nec6 10. a3 a5 11. Qd2 0-0 12. a4 Qd7 13. Bf4 Nxe2+ 14. Nxe2 Nd4 15. b3 e5 16. Be3 Nxe2+ 17. Qxe2 b6 18. h3 Bb7 19. c4 Rae8 20. Kh2 f5 21. f3 Qe7 22. g4 Bc8 23. gxf5 gxf5 24. Rg1 f4 25. Bf2 Bf6 26. Rh1 Kh8 27. Rbg1 Bh4 28. Qe1 Bxf2 29. Qxf2 Qg5 30. h4 Qe7 31. Bh3 Bxh3 32. Kxh3 Qe6+ 33. Kg2 Rg8+ 34. Kf1 Rxg1+ 35. Rxg1 Rg8 36. Qh2 h6 37. Kf2 Rxg1 38. Kxg1 Qg6+ 39. Kf2 h5 40. Qh3 Kh7 41. Qd7+ Kh6 42. Qh3 Kg7 43. Kf1 Kh6 44. Qc8 Qf6 45. Qg8 Qxh4 46. Qh8+ Kg6 47. Qg8+ Kh6 1/2-1/2

[Event "Concepcion Huachipato 1st"]
[Site "Talcahuano"]
[Date "2012.01.20"]
[Round "7"]
[White "Ruiz Zenteno, Leonardo Marcial"]
[Black "Munoz Duran, Jaime"]
[Result "1-0"]
[WhiteElo "2093"]
[BlackElo "1950"]
[PlyCount "75"]
[EventDate "2012.01.13"]
[EventType "tourn"]
[EventRounds "9"]
[EventCountry "CHI"]
[SourceTitle "EXT 2013"]
[Source "ChessBase"]
[SourceDate "2012.11.22"]
[SourceVersion "1"]
[SourceVersionDate "2012.11.22"]
[SourceQuality "1"]

1. d4 d5 2. Nf3 Nf6 3. c4 e6 4. cxd5 exd5 5. Nc3 c6 6. Bg5 Be7 7. Qc2 Na6 8. a3 Nc7 9. e3 Ne6 10. Bh4 0-0 11. Bd3 g6 12. b4 a6 13. 0-0 Ng7 14. Rfc1 Bf5 15. Ne5 Bxd3 16. Nxd3 Ne4 17. Bxe7 Qxe7 18. a4 Rad8 19. Rab1 Rd6 20. b5 axb5 21. axb5 f5 22. bxc6 bxc6 23. Nxe4 Qxe4 24. Ne5 Qh4 25. g3 Qh3 26. Nxc6 g5 27. Qc5 f4 28. Rb8 Qd7 29. Rxf8+ Kxf8 30. Ne5 Qe6 31. Rb1 Ne8 32. Rb7 fxe3 33. fxe3 Kg8 34. Qc2 Nf6 35. Qc7 Nd7 36. Qd8+ Nf8 37. Qxg5+ Ng6 38. Qh6 1-0

[Event "Santiago CALF op"]
[Site "Santiago de Chile"]
[Date "2003.??.??"]
[Round "1.1"]
[White "Aranda, Rodrigo"]
[Black "Ruiz Zenteno, Leonardo Marcial"]
[Result "0-1"]
[WhiteElo "1806"]
[BlackElo "2137"]
[PlyCount "74"]
[EventDate "2003.??.??"]
[EventType "swiss"]
[EventRounds "9"]
[EventCountry "CHI"]
[SourceTitle "EXT 2004"]
[Source "ChessBase"]
[SourceDate "2003.11.25"]
[SourceVersion "1"]
[SourceVersionDate "2003.11.25"]
[SourceQuality "1"]

1. e4 c5 2. Nf3 e6 3. d4 cxd4 4. Nxd4 a6 5. c4 Qc7 6. Nc3 Nf6 7. Bd3 Nc6 8. Nxc6 dxc6 9. Be3 h5 10. h3 b6 11. 0-0 Bb7 12. Qe2 c5 13. f4 Be7 14. Rad1 h4 15. e5 Nh5 16. Qg4 0-0-0 17. Be4 Ng3 18. Bxb7+ Qxb7 19. Rfe1 Nf5 20. Bf2 Qc6 21. Ne4 Rxd1 22. Qxd1 Rd8 23. Qc2 Qd7 24. b4 cxb4 25. c5 Nd4 26. Qc1 b5 27. Nd6+ Bxd6 28. Bxd4 Be7 29. Be3 Qc6 30. Qc2 Qd5 31. Rc1 g5 32. Qf2 gxf4 33. Qxf4 Rg8 34. Qf2 Qxe5 35. Bf4 Qd4 36. c6 Bf6 37. c7 Be5 0-1

[Event "Santiago CALF op"]
[Site "Santiago de Chile"]
[Date "2003.??.??"]
[Round "3.1"]
[White "Cabezas Cantillana, Marco"]
[Black "Ruiz Zenteno, Leonardo Marcial"]
[Result "0-1"]
[WhiteElo "1849"]
[BlackElo "2137"]
[PlyCount "24"]
[EventDate "2003.??.??"]
[EventType "swiss"]
[EventRounds "9"]
[EventCountry "CHI"]
[SourceTitle "EXT 2004"]
[Source "ChessBase"]
[SourceDate "2003.11.25"]
[SourceVersion "1"]
[SourceVersionDate "2003.11.25"]
[SourceQuality "1"]

1. c4 c6 2. Nc3 d5 3. b3 Nf6 4. d4 Bf5 5. Nf3 e6 6. g3 Nbd7 7. Bf4 Bb4 8. Qc1 Ne4 9. Bd2 Nxd2 10. Qxd2 Nf6 11. Qb2 Ne4 12. Rc1 Qa5 0-1

[Event "Santiago CALF op"]
[Site "Santiago de Chile"]
[Date "2003.??.??"]
[Round "2.1"]
[White "Ruiz Zenteno, Leonardo Marcial"]
[Black "Gonzalez, Humberto"]
[Result "1-0"]
[WhiteElo "2137"]
[BlackElo "1885"]
[PlyCount "53"]
[EventDate "2003.??.??"]
[EventType "swiss"]
[EventRounds "9"]
[EventCountry "CHI"]
[SourceTitle "EXT 2004"]
[Source "ChessBase"]
[SourceDate "2003.11.25"]
[SourceVersion "1"]
[SourceVersionDate "2003.11.25"]
[SourceQuality "1"]

1. e4 e5 2. Nf3 Nc6 3. Bb5 a6 4. Ba4 b5 5. Bb3 Be7 6. 0-0 Nf6 7. Re1 0-0 8. h3 d6 9. c3 Na5 10. Bc2 c5 11. d4 cxd4 12. cxd4 Qc7 13. Nbd2 Nc4 14. Nf1 h6 15. b3 Nb6 16. Bb2 Nfd7 17. Rc1 Bb7 18. Ne3 Rac8 19. Nd5 Nxd5 20. exd5 Qb8 21. dxe5 dxe5 22. Nxe5 Rcd8 23. Qd3 Nf6 24. Ng4 Rfe8 25. Nxf6+ Bxf6 26. Qh7+ Kf8 27. Qh8# 1-0

[Event "Santiago CALF op"]
[Site "Santiago de Chile"]
[Date "2003.??.??"]
[Round "4.1"]
[White "Ruiz Zenteno, Leonardo Marcial"]
[Black "Quinteros, Alfonso"]
[Result "1-0"]
[WhiteElo "2137"]
[BlackElo "1812"]
[PlyCount "69"]
[EventDate "2003.??.??"]
[EventType "swiss"]
[EventRounds "9"]
[EventCountry "CHI"]
[SourceTitle "EXT 2004"]
[Source "ChessBase"]
[SourceDate "2003.11.25"]
[SourceVersion "1"]
[SourceVersionDate "2003.11.25"]
[SourceQuality "1"]

1. e4 c5 2. Nf3 Nc6 3. d4 cxd4 4. Nxd4 Nf6 5. Nc3 e6 6. Ndb5 d6 7. Bf4 e5 8. Bg5 a6 9. Na3 Be7 10. Nc4 Nd4 11. Bxf6 Bxf6 12. Nd5 Be6 13. Nce3 Rc8 14. c3 Bxd5 15. Nxd5 Nc6 16. Bd3 0-0 17. h4 g6 18. h5 Bg5 19. Qg4 Kg7 20. g3 Na5 21. f4 exf4 22. gxf4 Bf6 23. hxg6 hxg6 24. 0-0-0 Rh8 25. f5 Rh4 26. Rxh4 Bxh4 27. Rg1 Kh6 28. f6 g5 29. Be2 Kh7 30. Qh5+ Kg8 31. Rxg5+ Bxg5+ 32. Qxg5+ Kf8 33. Qg7+ Ke8 34. Bg4 Rxc3+ 35. bxc3 1-0